000 00776nam a2200253Ia 4500
003 OSt
005 20220923231006.0
006 a|||||r|||| 00| 0
007 ta
008 220922b |||||||| |||| 00| 0 pan d
024 _a351,483
037 _cTextual
040 _aARTS
_cARTS
_bpan
041 _2pan
_apan
082 _aO153,3:g, N2
100 _aਭੋਗਲ, ਹਿਰਦੇ ਜੀਤ, ਂਚ.
245 0 _aਪੰਜਾਵੀ ਕਹਾਣੀ ਵਿਚ ਰਾFਟਰਵਾਦ
260 _c1992
300 _a131ਪੰ0
_ccm.
650 _a ਪੰਜਾਬੀ ਕਹਾਣੀ
650 _aਪੰਜਾਬੀ ਸਾਹਿਤ
942 _hO153,3:g, N2
_cTEXL
_2CC
999 _c388658
_d388658